000 00355 a2200121 4500
001 ART_13066
005 20260410161735.0
008 260409a
245 1 0 _aEl nuevo mapa de la conyuntura
100 1 _aLopez Murphy, Ricardo H.
700 1 _aCastro, Jorge
773 0 _tEjecutivos de finanzas
_g- Año 7, Nº 65 (may. 1990)
_wREV2863
999 _c18212
_d18212